EXERGY : Energy, Environment and Sustainable Development.

This book deals with exergy and its applications to various energy systems and applications as a potential tool for design, analysis and optimization, and its role in minimizing and/or eliminating environmental impacts and providing sustainable development. In this regard, several key topics ranging...

Full description

Bibliographic Details
Main Author: Dinçer, İbrahim, 1964-
Corporate Author: Knovel (Firm)
Other Authors: Rosen, Marc (Marc A.)
Format: eBook
Language:English
Published: Oxford : Elsevier Science, 2012.
Edition:2nd ed.
Subjects:
Online Access:Connect to the full text of this electronic book

MARC

Tag First Indicator Second Indicator Subfields
LEADER 00000cam a2200000Mi 4500
001 in00002825713
006 m o d
007 cr cnu---unuuu
008 130120s2012 enk o 000 0 eng d
005 20250816213139.7
020 |a 9780080970905 (electronic bk.) 
020 |a 0080970907 (electronic bk.) 
035 |a (OCoLC)ocn818819686 
035 |a (NhCcYBP)ebr10623066 
035 |a (OCoLC)818819686 
040 |a EBLCP  |b eng  |e rda  |c EBLCP  |d N$T  |d OCLCQ  |d OCLCO  |d YDXCP  |d OCLCF  |d FSF  |d KNOVL  |d UtOrBLW 
049 |a TXAM 
050 4 |a TJ265 .D55 2012 
072 7 |a SCI  |x 024000  |2 bisacsh 
072 7 |a TEC  |x 031000  |2 bisacsh 
082 0 4 |a 531.6  |a 621.042 
100 1 |a Dinçer, İbrahim,  |d 1964- 
245 1 0 |a EXERGY :  |b Energy, Environment and Sustainable Development. 
250 |a 2nd ed. 
264 1 |a Oxford :  |b Elsevier Science,  |c 2012. 
300 |a 1 online resource (571 pages) 
336 |a text  |b txt  |2 rdacontent 
337 |a computer  |b c  |2 rdamedia 
338 |a online resource  |b cr  |2 rdacarrier 
500 |a Previous edition: 2007. 
505 0 |a Front Cover; Exergy: Energy, Environment and Sustainable Development; Copyright; Contents; Preface; Acknowledgments; About the Authors; Chapter1 -- Thermodynamic Fundamentals; 1.1 INTRODUCTION; 1.2 ENERGY; 1.3 ENTROPY; 1.4 EXERGY; 1.5 ILLUSTRATIVE EXAMPLES; 1.6 CLOSING REMARKS; PROBLEMS; Chapter2 -- Exergy and Energy Analyses; 2.1 INTRODUCTION; 2.2 WHY ENERGY AND EXERGY ANALYSES?; 2.3 NOMENCLATURE; 2.4 BALANCES FOR MASS, ENERGY, AND ENTROPY; 2.5 EXERGY OF SYSTEMS AND FLOWS; 2.6 EXERGY CONSUMPTION; 2.7 EXERGY BALANCE; 2.8 REFERENCE ENVIRONMENT; 2.9 EFFICIENCIES AND OTHER MEASURES OF MERIT. 
505 8 |a 2.10 PROCEDURE FOR ENERGY AND EXERGY ANALYSES2.11 ENERGY AND EXERGY PROPERTIES; 2.12 IMPLICATIONS OF RESULTS OF EXERGY ANALYSES; 2.13 CLOSING REMARKS; PROBLEMS; Chapter3 -- Chemical Exergy; 3.1 INTRODUCTION; 3.2 CHEMICAL EXERGY DEFINITION; 3.3 CHEMICAL EXERGY FOR SOLID SPECIES; 3.4 CHEMICAL EXERGY OF GAS MIXTURES; 3.5 CHEMICAL EXERGY OF NONENVIRONMENTAL SUBSTANCES AND FUELS; 3.6 EFFECT OF ATMOSPHERIC TEMPERATURE AND PRESSURE AND ENVIRONMENT COMPOSITION ON CHEMICAL EXERGY; 3.7 CASE STUDY: CCPP WITH SUPPLEMENTAL FIRING; 3.8 CLOSING REMARKS; PROBLEMS. 
505 8 |a Chapter4 -- Exergy, Environment And Sustainable Development4.1 INTRODUCTION; 4.2 EXERGY AND ENVIRONMENTAL PROBLEMS; 4.3 EXERGY AND SUSTAINABLE DEVELOPMENT; 4.4 ILLUSTRATIVE EXAMPLE; 4.5 CLOSING REMARKS; PROBLEMS; Chapter5 -- Applications of Exergy in Industry; 5.1 INTRODUCTION; 5.2 QUESTIONS SURROUNDING INDUSTRY'S USE OF EXERGY; 5.3 ADVANTAGES AND BENEFITS OF USING EXERGY; 5.4 UNDERSTANDING ENERGY CONSERVATION THROUGH EXERGY; 5.5 DISADVANTAGES AND DRAWBACKS OF USING EXERGY; 5.6 POSSIBLE MEASURES TO INCREASE APPLICATIONS OF EXERGY IN INDUSTRY; 5.7 CLOSING REMARKS; PROBLEMS. 
505 8 |a Chapter6 -- Exergy Analysis of Psychrometric Processes6.1 BASIC PSYCHROMETRIC CONCEPTS; 6.2 BALANCE AND EFFICIENCY EQUATIONS FOR AIR-CONDITIONING PROCESSES; 6.3 CASE STUDIES; 6.4 OPERATION AND DESIGN OF EXPERIMENTAL SYSTEM; 6.5 CLOSING REMARKS; PROBLEMS; Chapter 7Exergy Analysis of Heat Pump Systems; 7.1INTRODUCTION; 7.2SYSTEM DESCRIPTION; 7.3GENERAL ANALYSIS; 7.4SYSTEM EXERGY ANALYSIS; 7.5RESULTS AND DISCUSSION; 7.6CONCLUDING REMARKS; PROBLEMS; Chapter8 -- Exergy Analysis of Absorption Cooling Systems; 8.1 INTRODUCTION; 8.2 ACSS; 8.3 SYSTEM DESCRIPTIONS; 8.4 ENERGY AND EXERGY ANALYSES. 
505 8 |a 8.5 PERFORMANCE AND EFFICIENCY8.6 CONCLUDING REMARKS; PROBLEMS; Chapter9 -- Exergy Analysis of Thermal Energy Storage Systems; 9.1 INTRODUCTION; 9.2 PRINCIPAL THERMODYNAMIC CONSIDERATIONS IN TES; 9.3 EXERGY EVALUATION OF A CLOSED TES SYSTEM; 9.4 RELATIONS BETWEEN TEMPERATURE AND EFFICIENCY FOR SENSIBLE TES; 9.5 EXERGY ANALYSIS OF THERMALLY STRATIFIED STORAGES; 9.6 ENERGY AND EXERGY ANALYSES OF COLD TES SYSTEMS; 9.7 EXERGY ANALYSIS OF AQUIFER TES SYSTEMS; 9.8 EXAMPLES AND CASE STUDIES; 9.9 CONCLUDING REMARKS; PROBLEMS; Chapter10 -- Exergy Analysis of Drying Processes and Systems. 
500 |a 10.1 introduction. 
520 |a This book deals with exergy and its applications to various energy systems and applications as a potential tool for design, analysis and optimization, and its role in minimizing and/or eliminating environmental impacts and providing sustainable development. In this regard, several key topics ranging from the basics of the thermodynamic concepts to advanced exergy analysis techniques in a wide range of applications are covered as outlined in the contents. Offers comprehensive coverage of exergy and its applications, along with the most up-to-date information in the area with rece. 
588 |a Description based on print version record. 
500 |a Electronic resource. 
650 0 |a Thermodynamics. 
650 0 |a Exergy. 
650 0 |a Energy conservation. 
650 0 |a System analysis. 
650 7 |a SCIENCE  |x Energy.  |2 bisacsh 
650 7 |a TECHNOLOGY & ENGINEERING  |x Power Resources  |x General.  |2 bisacsh 
650 7 |a Energy conservation.  |2 fast  |0 (OCoLC)fst00909912 
650 7 |a Exergy.  |2 fast  |0 (OCoLC)fst00918073 
650 7 |a System analysis.  |2 fast  |0 (OCoLC)fst01141385 
650 7 |a Thermodynamics.  |2 fast  |0 (OCoLC)fst01149832 
650 0 |a Energy development. 
655 7 |a Electronic books.  |2 local 
700 1 |a Rosen, Marc  |q (Marc A.) 
710 2 |a Knovel (Firm) 
776 0 8 |i Print version:  |a Dincer, Ibrahim  |t EXERGY : Energy, Environment and Sustainable Development  |d Oxford : Elsevier Science, c2012  |z 9780080970899 
856 4 0 |u https://ebookcentral.proquest.com/lib/tamucs/detail.action?docID=1059697  |y Connect to the full text of this electronic book  |t 0 
948 |a cataloged  |b h  |c 2014/2/20  |d c  |e jlanham  |f 11:32:30 am 
994 |a 92  |b TXA 
999 f f |s 4b537a6a-da66-33d6-bd9e-089f8409eb5d  |i 71289861-bfff-35c8-835a-cd063adb0ed8  |t 0 
999 |a MARS 
952 f f |a Texas A&M University  |b College Station  |c Electronic Resources  |d Available Online  |t 0  |e TJ265 .D55 2013eb  |h Library of Congress classification 
998 f f |a TJ265 .D55 2013eb  |t 0  |l Available Online